00577 2200217 4500001002100000005001500021035002000036007000300056008004100059020002100100082001400121084002000135100002200155245005800177250001000235260004200245300002500287650002800312990000900340990001000349INLIS00000000000035520170922034758 a0010-0917000341ta170922 f 0 ind  a978-602-7049-1-2 a297.382 2 a297.382 2 SHO r0 aShodiq A. Winarko1 aRagu? :bIstikharah Dong! /cUstadz Shodiq A. Winarko acet.1 aDepok :bMutiara Allamah Utama,c2014 a210hlm ;c14 x 21 cm aSholat Istikharah,Islam a6096 a6096a